| 000 | 01157nam a2200277Ia 4500 | ||
|---|---|---|---|
| 003 | GCL | ||
| 008 | 140319s9999 xx 000 0 ara d | ||
| 020 | _a7057269959 | ||
| 040 |
_aGCL / _cGCL |
||
| 082 | 0 | 4 |
_a327.1 _bت ب |
| 100 | 1 | _aرجب بودبوس (ترجمه ) | |
| 245 | 1 | 0 |
_aبعد الامبراطورية دراسة فى تفسخ النظام الامريكى / _cرجب بودبوس (ترجمه ) |
| 700 | 1 | _aتود ، ايمانويل | |
| 250 | _aالاولى | ||
| 260 |
_aليبيا : _bاكاديمية الفكر الجماهيري ، _c2004 |
||
| 300 |
_a308ص ؛ _c21سم |
||
| 650 | 0 | 4 | _aالسياسة الدولية |
| 650 | 0 | 4 | _aروسيا - الاحوال السياسية |
| 650 | 0 | 4 | _aاوربا - الاحوال السياسية |
| 650 | 0 | 4 | _aالارهاب الدولى |
| 650 | 0 | 4 | _aروسيا - العلاقات الخارجية |
| 650 | 0 | 4 | _aالولايات المتحدة الامريكية - العلاقات الخارجية |
| 650 | 0 | 4 | _aالولايات المتحدة الامريكية - الاحوال السياسية |
| 650 | 0 | 4 | _aاوربا - العلاقات الخارجية |
| 942 |
_2ddc _cBK |
||
| 999 |
_c7657 _d7657 |
||